| 000 | 00907nam a22003017a 4500 | ||
|---|---|---|---|
| 003 | CHAP | ||
| 005 | 20220329141608.0 | ||
| 008 | 971013s1945 r 00010 d | ||
| 010 | _a70730 | ||
| 011 | _a71702 | ||
| 035 | _a81256 | ||
| 040 | _cCHAP | ||
| 082 |
_a581.8732 _bD37c |
||
| 100 | 0 | 0 |
_aDarlington, Cyril Dean. _931088 |
| 245 | _aChromosome atlas of cultivated plants | ||
| 260 |
_aLondon : _bGeorge Allen & Unwin, _c1945 |
||
| 300 | _a397 p. | ||
| 590 |
_aBATCH-UPD _b10 _c20130110 _lUCH01 _h0541 |
||
| 590 |
_aCONVERSION _b10 _c20130109 _lUCH01 _h1339 |
||
| 650 | 1 | 4 |
_aCromosomas. _929152 |
| 650 | 1 | 4 |
_aPlantas cultivadas. _988921 |
| 650 | 1 | 4 |
_aPlantas _xMejoramiento. _988849 |
| 700 | 0 |
_aAmmal, E. K. Janaki. _95347 |
|
| 901 | _aBK | ||
| 942 | _cLIBRO | ||
| 949 |
_a581.8732 D37c _bBC _cBPA _d-34485 _eBPA _h9623 _i81256 _si |
||
| 949 |
_a581.8732 D37c _bBC _cBPA _d-34486 _eBPA _fc.2 _h72880 _i81256 _si |
||
| 999 |
_c70730 _d70730 |
||